Study guide to accompany introductory statistics for business and economics

Αποθηκεύτηκε σε:
Λεπτομέρειες βιβλιογραφικής εγγραφής
Κύριος συγγραφέας: Miller, Richard K.
Μορφή: Βιβλίο
Γλώσσα:English
Δημοσίευση: New York : St. Martin Press, c1981
Θέματα:
Ετικέτες: Προσθήκη ετικέτας
Δεν υπάρχουν, Καταχωρήστε ετικέτα πρώτοι!

MARC

LEADER 00000nam a2200000 i 4500
001 1/44944
008 961112s1981 eng d
020 |a 0-312-43453-7 
035 |l 10026059 
040 |a GR-MY-UA  |b gre  |e aacr 
041 0 |a eng 
082 0 |a 519.5 
100 1 |a Miller, Richard K. 
245 1 0 |a Study guide to accompany introductory statistics for business and economics /  |c Richard K. Miller 
260 |a New York :   |b St. Martin Press,   |c c1981 
300 |a 180 p. 
650 0 0 |a Statistics  |x Mathematical models. 
650 0 0 |a Statistics  |x Problems, exercises, etc. 
852 |a INST  |b CHIOS  |e 19961112  |h 519.5 MIL  |p 005200010980  |q 005200010980  |t BK  |y 0 
909 |a Χ  |b 013326